|
|
|
|
| LEADER |
00000nab a2200000 a 4500 |
| 001 |
vtls000736765 |
| 003 |
SK-MaSNL |
| 005 |
20260304104416.0 |
| 008 |
250429c2000 xo 0 slo |
| 015 |
|
|
|a SNBRB2000/12-34248
|
| 035 |
|
|
|a CLN000088632
|
| 035 |
|
|
|a urn:nbn:sk:snk-abkg3
|
| 035 |
|
|
|a (urnnbn)urn:nbn:sk:snk:ar-a056ll
|
| 035 |
|
|
|a (uuid)6c6c766c-0a86-465c-9ae1-7d45ac38a645
|
| 040 |
|
|
|a SNKBUCL
|b slo
|c SNKBUCL
|e AACR2
|
| 041 |
0 |
|
|a slo
|
| 044 |
|
|
|a xo
|c SK
|
| 080 |
|
|
|a 616.833-008.6-089
|2 1997
|
| 245 |
0 |
0 |
|a Syndróm karpálneho kanála v našom materiáli
|c Juraj Leško ... [et al.]
|
| 300 |
|
|
|b Grafy, tab.
|
| 504 |
|
|
|a Res. angl., nem., slov.
|
| 504 |
|
|
|a Bibliogr. odkazy
|
| 650 |
0 |
7 |
|a syndróm karpálneho tunela
|2 snkbucl
|9 14838
|
| 650 |
0 |
7 |
|a nervus medianus
|x kompresia
|2 snkbucl
|9 1404396
|
| 650 |
0 |
7 |
|a karpálny tunel
|2 snkbucl
|9 14837
|
| 655 |
|
7 |
|a články z novín a časopisov
|2 snkbucl
|9 267496
|
| 700 |
1 |
|
|a Leško, Juraj
|4 aut
|9 805011
|
| 700 |
1 |
|
|a Šulla, Igor,
|d 1945-
|4 aut
|9 237082
|
| 700 |
1 |
|
|a Stančák, Marián
|4 aut
|9 1258050
|
| 700 |
1 |
|
|a Výrostko, Jozef
|4 aut
|9 6398
|
| 773 |
0 |
|
|t Slovenský lekár
|g Roč. 10 (24), č. 11-12 (2000), s. 453-455
|x 1335-0234
|
| 850 |
|
|
|a Slovenská národná knižnica
|
| 852 |
|
|
|a Slovenská národná knižnica
|
| 954 |
|
|
|a odborná, vedecká literatúra pôvodná (slovenská)
|2 lita
|
| 958 |
|
|
|a article27
|
| 958 |
|
|
|a MI
|
| 958 |
|
|
|a NB
|
| 958 |
|
|
|a OND
|
| 958 |
|
|
|a EUIPO
|
| 992 |
|
|
|a RBX
|
| 999 |
|
|
|c 2851613
|d 2853543
|